Computational and quantitative studies
Guardat en:
| Autor principal: | |
|---|---|
| Format: | Llibre |
| Idioma: | anglès |
| Publicat: |
Londres
Continuum
2005
|
| Edició: | 1a. ed |
| Col·lecció: | The Collected Works of M.A.K. Halliday, 6
|
| Matèries: | |
| Etiquetes: |
Afegir etiqueta
Sense etiquetes, Sigues el primer a etiquetar aquest registre!
|
MARC
| LEADER | 00000nam a2200000 a 4500 | ||
|---|---|---|---|
| 001 | UCK5665 | ||
| 003 | CL-VaPUC | ||
| 008 | 050812e20050000UK |||||||||||||||||eng|d | ||
| 020 | |a 0826458726 | ||
| 082 | 0 | 4 | |a 410.285 |b HAL |2 21 |
| 100 | 0 | |a Halliday, Michael Alexander Kirkwood |e author |9 461646 | |
| 245 | 1 | 0 | |a Computational and quantitative studies |
| 250 | |a 1a. ed | ||
| 300 | |a 300 p | ||
| 942 | |c BK | ||
| 945 | |d 20050812 00:00:00 |a jcarroza | ||
| 260 | |a Londres |b Continuum |c 2005 | ||
| 650 | 0 | |a Proceso de datos |9 259776 | |
| 650 | 0 | |a Lingüística |9 265068 | |
| 650 | 7 | |a LINGUISTICA COMPUTACIONAL |2 CL-VaPUC |9 494567 | |
| 583 | |a last modification |c 20050812 00:00:00 |k Rodrigo Vera | ||
| 490 | 0 | |a The Collected Works of M.A.K. Halliday, 6 | |
| 999 | |c 314161 |d 314159 | ||
| 952 | |0 0 |1 0 |4 0 |6 410_285000000000000_HAL_2005 |7 0 |8 A |9 386145 |a FDOPOS |b BIBEDU |d 2019-11-22 |i 4153324 |l 1 |o 410.285 HAL 2005 |p 4153324 |r 2025-01-22 |s 2022-07-06 |w 2019-11-22 |y BK |k MLA | ||
| 952 | |0 0 |1 0 |4 0 |6 410_285000000000000_HAL_2005 |7 0 |8 A |9 386146 |a FDOPOS |b FDOPOS |d 2019-11-22 |i 4153316 |o 410.285 HAL 2005 |p 4153316 |r 2025-01-22 |w 2019-11-22 |y BK |k MLA | ||
| 952 | |0 0 |1 0 |4 0 |6 410_285000000000000_HAL_2005 |7 0 |8 A |9 386147 |a BIBEDU |b BIBEDU |d 2019-11-22 |i 4258924 |o 410.285 HAL 2005 |p 4258924 |r 2019-11-22 |w 2019-11-22 |y BK |k LIT | ||
| 952 | |0 0 |1 0 |4 0 |6 410_285000000000000_HAL_2005 |7 0 |8 A |9 386148 |a BIBEDU |b BIBEDU |d 2019-11-22 |i 4304659 |o 410.285 HAL 2005 |p 4304659 |r 2019-11-22 |w 2019-11-22 |y BK |k LIT | ||